Modales (Registro nro. 8687)

Detalles MARC
000 - LÍDER
campo de control de longitud fija 00811nam a2200277Ia 4500
005 - FECHA Y HORA DE LA ÚLTIMA TRANSACCIÓN
campo de control 20210727153456.0
008 - ELEMENTOS DE DATOS DE LONGITUD FIJA - INFORMACIÓN GENERAL
campo de control de longitud fija 170503s2007 s a g 000 0 s
020 ## - INTERNATIONAL STANDARD BOOK NUMBER
International Standard Book Number 9788426127952
041 ## - CÓDIGO DE LENGUAJE
Código de idioma de texto / pista de sonido o título separado spa
082 04 - NÚMERO DE CLASIFICACIÓN DECIMAL DEWEY
Número de clasificación 395.122
Número de artículo A43m
040 ## - FUENTE DE CATALOGACIÓN
Agencia de catalogación original CO-BoRNBP
Lenguaje de catalogación spa
Descripción convenciones rda
Agencia de transcripción CO-BoRNBP
100 1# - ENTRADA PRINCIPAL - NOMBRE PERSONAL
Nombre de la persona Aliki
245 00 - TÍTULO DECLARACIÓN
Título Modales
Declaración de responsabilidad Aliki ; traducción Concepción Zendrera
250 ## - DECLARACIÓN DE EDICIÓN
Sentencia de edición 4a. edición
264 ## - AVISO DE PRODUCCIÓN, PUBLICACIÓN, DISTRIBUCIÓN, FABRICACIÓN Y DERECHOS DE AUTOR
Lugar de producción Barcelona
Nombre del productor Juventud
Fecha de producción 2007
300 ## - DESCRIPCIÓN FÍSICA
Alcance 30 páginas
Otros datos físicos ilustraciones
Dimensiones 26 cm
336 ## - TIPO DE CONTENIDO
Tipo de contenido texto
Código de tipo de contenido txt
Fuente rdacontent
337 ## - TIPO DE MEDIO
Término del tipo de medio sin mediación
Código de tipo de medio n
Fuente rdamedia
338 ## - TIPO DE PORTADOR
Término del tipo de operador volumen
Código de tipo de operador nc
Fuente rdacarrier
650 14 - ENTRADA DE SUJETO AÑADIDO - TÉRMINO TÓPICO
Fuente del título o término LEMB
Término tópico o elemento de entrada del nombre geográfico Cortesía
650 14 - ENTRADA DE SUJETO AÑADIDO - TÉRMINO TÓPICO
Fuente del título o término LEMB
Término tópico o elemento de entrada del nombre geográfico Etiqueta
650 14 - ENTRADA DE SUJETO AÑADIDO - TÉRMINO TÓPICO
Fuente del título o término LEMB
Término tópico o elemento de entrada del nombre geográfico Usos y costumbres
650 14 - ENTRADA DE SUJETO AÑADIDO - TÉRMINO TÓPICO
Fuente del título o término LEMB
Término tópico o elemento de entrada del nombre geográfico Conducta (Ética)
700 1# - ENTRADA AGREGADA - NOMBRE PERSONAL
Nombre de la persona Zendrera, Concepción
Término del Relator traductora
942 ## - ELEMENTOS DE ENTRADA AGREGADOS (KOHA)
Fuente de clasificación o esquema de estanterías Dewey Decimal Classification
Tipo de artículo Koha Libro
Existencias
Estado de retirada Pérdida de estatus Fuente de clasificación o esquema de estanterías Estado dañado No para préstamo Código de recogida Ubicación permanente Ubicación actual Ubicación de las estanterías Fecha de adquisición Total de Cajas Número Topográfico Código de barras Precio efectivo desde Número de copia Fecha de la última salida Fecha de la última vez que se vio Tipo de artículo Koha Nota pública Fuente de adquisición
    Dewey Decimal Classification     General Biblioteca Pública Departamental Comfamiliar Risaralda Biblioteca Pública Departamental Comfamiliar Risaralda Área General 26/02/2019 1 395 A411m 3a. Ed. 1003951 18/08/2021 Ej. 1 03/05/2019 17/05/2019 Libro Temas Generales Infantiles  
    Dewey Decimal Classification       Biblioteca Pública Municipal León de Greiff Biblioteca Pública Municipal León de Greiff Área Infantil 07/10/2024   395.122 A43m MAR - 2071 07/10/2024 Ej.1   07/10/2024 Libro   Ministerio de cultura